| 000 | 01319nam a2200229Ia 4500 | ||
|---|---|---|---|
| 003 | Ost | ||
| 005 | 20260507075652.0 | ||
| 008 | 260507s9999||||xx |||||||||||||| ||und|| | ||
| 040 | _cfsecg | ||
| 041 | _aara | ||
| 082 | _a658.4038011 | ||
| 100 |
_aلطفي، أمين السيد أحمد _eمؤلف |
||
| 245 | 0 |
_aمراجعة وتدقيق نظم المعلومات / _c أمين السيد أحمد لطفي |
|
| 260 |
_aالإسكندرية: _bالدار الجامعية, _c2005 |
||
| 300 |
_a127 صفحة؛ _bإيضاحات ؛ _c25 سم |
||
| 520 | _aطبيعة مكونات نظم المعلومات المستخدمة للكمبيوتر- أهداف ومناهج ونطاق مراجعة نظم المعلومات- مراجعة نظم المعلومات الداخلية- تطورات تكنولوجيا المعلومات وأثرها على المراجعة- أساليب الرقابة الداخلية في ظل بيئة تكنولوجيا المعلومات - أساليب مراجعة تكنولوجيا المعلومات أثر التجارة الإلكترونية وانعكاساتها على المراجعة. | ||
| 653 | _aالتدقيق | ||
| 653 | _aالمحاسبة | ||
| 653 | _aالمراجعة | ||
| 653 | _aنظم المعلومات- المؤسسة الممتدة | ||
| 942 | _cكتاب | ||
| 999 |
_c45617 _d45617 |
||